000 00335 a2200157 4500
001 60739
020 _a8587737015
040 _cAnchieta - Pituba
100 _aMarques, Ademar Martins
240 1 0 _a1929
_lpor
245 1 0 _a1929
300 _a93
362 0 _a2000
650 4 _aHistória do mundo antigo até 499 AC.
942 _cBK
999 _c60739
_d60739